| 000 | 00661cam a22002297a 4500 | ||
|---|---|---|---|
| 001 | 000943 | ||
| 003 | armpunfd | ||
| 005 | 20140612090625.0 | ||
| 008 | 011019e0####xx#a##########000#0#und#d | ||
| 040 |
_aarmpunfd _carmpunfd |
||
| 080 | _a348.1 M 588 | ||
| 100 | 1 | 0 | _a Miguelez Dominguez, Lorenzo |
| 245 | 1 | 0 | _aDerecho canonico y legislacion complementaria |
| 260 |
_a Madrid _b Bibliotecas De Autores Cristianos |
||
| 300 | _a1067p. | ||
| 650 | 7 |
_a Derecho Canonico _2LEMB |
|
| 650 | 7 |
_a Derecho Procesal Civil _2LEMB |
|
| 700 | 1 | 0 | _aAlonso Moran, Sabino |
| 700 | 1 | 0 | _aCabreros De Anta, Marcelino |
| 942 |
_cLB _2cdu |
||
| 945 |
_aCatalis _d2010-08-19 |
||
| 999 |
_c934 _d231438 |
||